50 - Minute : Dynamics Of Diversity (Record no. 96380)
[ view plain ]
| 000 -LEADER | |
|---|---|
| fixed length control field | 00637nam a2200229Ia 4500 |
| 005 - DATE AND TIME OF LATEST TRANSACTION | |
| control field | 20230502172641.0 |
| 008 - FIXED-LENGTH DATA ELEMENTS--GENERAL INFORMATION | |
| fixed length control field | 230125s9999 xx 000 0 und d |
| 020 ## - INTERNATIONAL STANDARD BOOK NUMBER | |
| International Standard Book Number | 9788176495547 |
| 041 ## - LANGUAGE CODE | |
| Language code of text/sound track or separate title | eng |
| 082 ## - DEWEY DECIMAL CLASSIFICATION NUMBER | |
| Classification number | 658.4012 |
| Item number | POL |
| 100 ## - MAIN ENTRY--PERSONAL NAME | |
| Author | Pollar O |
| 245 ## - TITLE STATEMENT | |
| Title | 50 - Minute : Dynamics Of Diversity |
| 250 ## - EDITION STATEMENT | |
| Edition statement | 1st Ed. |
| 260 ## - PUBLICATION, DISTRIBUTION, ETC. | |
| Date of publication, distribution, etc. | 2004 |
| Name of publisher, distributor, etc. | Viva Books |
| Place of publication, distribution, etc. | New Delhi |
| 300 ## - PHYSICAL DESCRIPTION | |
| Extent | 79p |
| 500 ## - GENERAL NOTE | |
| Keywords | Series Book;Viva Crisp Fifty Minute Series;BPSM<br/> |
| 650 ## - SUBJECT ADDED ENTRY--TOPICAL TERM | |
| Topical term or geographic name entry element | Series Book;Viva Crisp Fifty Minute Series;BPSM |
| 700 ## - ADDED ENTRY--PERSONAL NAME | |
| Personal name | Pollar O & Gonzalez R |
| 942 ## - ADDED ENTRY ELEMENTS (KOHA) | |
| Koha item type | Books |
| 906 ## - LOCAL DATA ELEMENT F, LDF (RLIN) | |
| b | 27.72 |
| Withdrawn status | Lost status | Damaged status | Not for loan | Home library | Current library | Date acquired | Vendor | Net Price | Bill number | Total Checkouts | Full call number | Barcode | Date last seen | Actual Price | Bill Date | Koha item type | Original Barcode |
|---|---|---|---|---|---|---|---|---|---|---|---|---|---|---|---|---|---|
| Smt. Hiraben Nanavati Institute of Management & Research for Women | Smt. Hiraben Nanavati Institute of Management & Research for Women | 29/02/2020 | Forward Books | 99.00 | 11222 | 658.4012 POL B20146 | HIMR-BK-20146 | 25/01/2023 | 71.28 | 25/01/2023 | Books | B20146 | |||||
| Smt. Hiraben Nanavati Institute of Management & Research for Women | Smt. Hiraben Nanavati Institute of Management & Research for Women | 29/02/2020 | Forward Books | 99.00 | 11222 | 658.4012 POL B20147 | HIMR-BK-20147 | 25/01/2023 | 71.28 | 25/01/2023 | Books | B20147 | |||||
| Smt. Hiraben Nanavati Institute of Management & Research for Women | Smt. Hiraben Nanavati Institute of Management & Research for Women | 29/02/2020 | Forward Books | 99.00 | 11222 | 658.4012 POL B20148 | HIMR-BK-20148 | 25/01/2023 | 71.28 | 25/01/2023 | Books | B20148 | |||||
| Smt. Hiraben Nanavati Institute of Management & Research for Women | Smt. Hiraben Nanavati Institute of Management & Research for Women | 29/02/2020 | Forward Books | 99.00 | 11222 | 658.4012 POL B20149 | HIMR-BK-20149 | 25/01/2023 | 71.28 | 25/01/2023 | Books | B20149 | |||||
| Smt. Hiraben Nanavati Institute of Management & Research for Women | Smt. Hiraben Nanavati Institute of Management & Research for Women | 29/02/2020 | Forward Books | 99.00 | 11222 | 658.4012 POL B20150 | HIMR-BK-20150 | 25/01/2023 | 71.28 | 25/01/2023 | Books | B20150 |